000 00554nam a2200229Ia 4500
003 OSt
005 20221005121559.0
006 a|||||r|||| 00| 0
007 ta
008 221004b |||||||| |||| 00| 0 eng d
024 _a57087
037 _cTextual
040 _aCRL
_cCRL
_beng
041 _2eng
_aeng
082 _aV2:1:N3, F3
100 _aHennessy H E
_9105264
245 0 _aHistory of India 1526-1923
260 _c1923
650 _aHISTORY
942 _hV2:1:N3, F3
_cTEXL
_2cc
999 _c1041613
_d1041613